00342pam a2200145 a 4500020002000000041000500020082001600025100001600041245004600057250001200103260003100115300000900146653002700155700001400182 a9781405133005c h a547.59bJOU aJoule, J A. aHeterocyclic ChemistryhTextual Documents a5th ed. aWeinheimbJohn Wileyc2011 a689. aHeterocyclic Chemistry aMills, K.